Causas de la internacionalización de las empresas <un> estudio aplicado a pequeňas y medianas empresas de la provincia de Alicante
Enregistré dans:
| Auteur principal: | |
|---|---|
| Format: | Livre |
| Langue: | espagnol |
| Publié: |
Valencia
Generalitat Valenciana
1997
|
| Collection: | Textos Universitaris
|
| Sujets: | |
| Tags: |
Pas de tags, Soyez le premier à ajouter un tag!
|
MARC
| LEADER | 00000nam a2200000 4500 | ||
|---|---|---|---|
| 001 | c131704 | ||
| 005 | 20221124074448.6 | ||
| 020 | |a 84-7784-281-7 | ||
| 041 | 0 | |a spa | |
| 044 | |a ES | ||
| 245 | 1 | 0 | |a Causas de la internacionalización de las empresas |b <un> estudio aplicado a pequeňas y medianas empresas de la provincia de Alicante |c Carmen Martínez Mora |
| 264 | 1 | |a Valencia |b Generalitat Valenciana |c 1997 | |
| 300 | |a 350 s. | ||
| 490 | 1 | |a Textos Universitaris | |
| 830 | 0 | |a Textos Universitaris | |
| 610 | 2 | 0 | |a internacionalizácia výroby |
| 610 | 2 | 0 | |a internacionalizácia ekonomiky |
| 610 | 2 | 0 | |a výroba |
| 610 | 2 | 0 | |a podnik |
| 100 | 1 | |a Martínez Mora, Carmen | |